[Event "Bad Ems Seniors 2nd"]
[Site "Bad Ems"]
[Date "2005.02.16"]
[Round "6"]
[White "Wachweger, Albrecht"]
[Black "Rotstein, Jefim"]
[Result "0-1"]
[WhiteElo "1804"]
[BlackElo "2339"]
[PlyCount "100"]
[EventDate "2005.02.12"]
[EventType "swiss"]
[EventRounds "9"]
[EventCountry "GER"]
[SourceTitle "EXT 2006"]
[Source "ChessBase"]
[SourceDate "2005.11.24"]
[SourceVersion "1"]
[SourceVersionDate "2005.11.24"]
[SourceQuality "1"]

1. e4 c5 2. c3 Nf6 3. d3 d5 4. e5 Nfd7 5. d4 e6 6. f4 b6 7. Nf3 Be7 8. Be3 g6 9. Bd3 Ba6 10. 0-0 Qc8 11. a4 Bxd3 12. Qxd3 Nc6 13. Na3 Na5 14. Qc2 c4 15. Bf2 Nb3 16. Ra2 a6 17. Nb1 b5 18. axb5 a5 19. Bh4 Bxh4 20. Nxh4 Rb8 21. Na3 Nb6 22. f5 gxf5 23. Kh1 Rg8 24. Qe2 Rg4 25. g3 Ke7 26. Nc2 Qg8 27. Ne3 Re4 28. Nhxf5+ exf5 29. Nxf5+ Kd8 30. Qf2 Nc8 31. Nh6 Qg6 32. Nxf7+ Kc7 33. Nh8 Qg8 34. Qf7+ Qxf7 35. Rxf7+ Kb6 36. Rd7 Na7 37. Nf7 Nxb5 38. Rxd5 Kc6 39. Rd8 Rxd8 40. Nxd8+ Kd5 41. Nb7 Re2 42. Ra4 Rxb2 43. Nxa5 Nd2 44. Nxc4 Nxc4 45. e6 Re2 46. Ra6 Rxe6 47. Rxe6 Kxe6 48. Kg2 Nxc3 49. Kf3 Kf5 50. h4 h5 0-1

[Event "Bad Ems Seniors 2nd"]
[Site "Bad Ems"]
[Date "2005.02.15"]
[Round "5"]
[White "Wachweger, Albrecht"]
[Black "Huebner, Wolfgang"]
[Result "1-0"]
[WhiteElo "1804"]
[BlackElo "2080"]
[PlyCount "97"]
[EventDate "2005.02.12"]
[EventType "swiss"]
[EventRounds "9"]
[EventCountry "GER"]
[SourceTitle "EXT 2006"]
[Source "ChessBase"]
[SourceDate "2005.11.24"]
[SourceVersion "1"]
[SourceVersionDate "2005.11.24"]
[SourceQuality "1"]

1. e4 e5 2. Nf3 Nc6 3. Bb5 a6 4. Ba4 Nf6 5. 0-0 Nxe4 6. Re1 Nc5 7. Nc3 Nxa4 8. Nxe5 Nxe5 9. Rxe5+ Be7 10. Nd5 0-0 11. Nxe7+ Kh8 12. Qh5 g6 13. Qh6 Rg8 14. Nxg8 Kxg8 15. b3 d6 16. Re4 Nc5 17. Rh4 Qf6 18. Qxh7+ Kf8 19. Qh8+ Qxh8 20. Rxh8+ Ke7 21. d4 Ne6 22. Bb2 d5 23. c4 c6 24. cxd5 cxd5 25. Rc1 Kd7 26. h4 b5 27. g4 Bb7 28. Rxa8 Bxa8 29. h5 gxh5 30. gxh5 Bc6 31. h6 Nf8 32. Rc3 b4 33. Rh3 Nh7 34. Rg3 Bb5 35. Rg7 Bd3 36. Rxf7+ Ke6 37. Rb7 Kf6 38. Bc1 Kg6 39. Rxb4 Nf6 40. Rb6 Kf7 41. f3 Nd7 42. Rd6 Nf8 43. Rxd5 Ne6 44. b4 Bc4 45. h7 Kg7 46. Rd7+ Kh8 47. d5 Ng7 48. Bb2 Bxd5 49. Rxd5 1-0

[Event "EU-ch Seniors 05th"]
[Site "Bad Homburg"]
[Date "2005.??.??"]
[Round "7"]
[White "Serra Olives, Tomas"]
[Black "Wachweger, Albrecht"]
[Result "1-0"]
[WhiteElo "2139"]
[BlackElo "1935"]
[PlyCount "79"]
[EventDate "2005.06.25"]
[EventType "swiss"]
[EventRounds "9"]
[EventCountry "GER"]
[SourceTitle "EXT 2006"]
[Source "ChessBase"]
[SourceDate "2005.11.24"]
[SourceVersion "1"]
[SourceVersionDate "2005.11.24"]
[SourceQuality "1"]

1. e4 c5 2. c3 Nc6 3. d4 cxd4 4. cxd4 d6 5. Nc3 g6 6. Nf3 Bg7 7. Be3 Bg4 8. Be2 Nf6 9. d5 Bxf3 10. Bxf3 Ne5 11. Be2 0-0 12. 0-0 a6 13. f4 Ned7 14. Bf3 b5 15. Rc1 Rc8 16. Qd2 Qa5 17. Kh1 Rc7 18. a3 Rfc8 19. Qf2 b4 20. axb4 Qxb4 21. Rcd1 Rb8 22. Bc1 a5 23. g4 Ne8 24. Ne2 Bxb2 25. Bd2 Qb5 26. Nd4 Bxd4 27. Qxd4 Qc5 28. Qa1 Ra7 29. Bc3 Qc7 30. e5 dxe5 31. fxe5 f6 32. d6 exd6 33. Bd5+ Kf8 34. exf6 Ne5 35. Qc1 Nf7 36. Qe3 Rb5 37. Rfe1 Qd7 38. Qh3 a4 39. Qxh7 Rba5 40. Rxe8+ 1-0

[Event "EU-ch Seniors 05th"]
[Site "Bad Homburg"]
[Date "2005.??.??"]
[Round "1"]
[White "Staller, Peter"]
[Black "Wachweger, Albrecht"]
[Result "1-0"]
[WhiteElo "2284"]
[BlackElo "1935"]
[PlyCount "61"]
[EventDate "2005.06.25"]
[EventType "swiss"]
[EventRounds "9"]
[EventCountry "GER"]
[SourceTitle "EXT 2006"]
[Source "ChessBase"]
[SourceDate "2005.11.24"]
[SourceVersion "1"]
[SourceVersionDate "2005.11.24"]
[SourceQuality "1"]

1. c4 c5 2. Nc3 Nf6 3. g3 g6 4. Bg2 Bg7 5. Nf3 0-0 6. 0-0 d6 7. d3 Nc6 8. a3 a6 9. Rb1 Rb8 10. b4 cxb4 11. axb4 Ng4 12. Bd2 b5 13. Ne1 Nce5 14. h3 Nf6 15. cxb5 axb5 16. Nc2 Bb7 17. Nd4 Bxg2 18. Kxg2 Qc7 19. Qb3 Rb7 20. Rfc1 Qb8 21. f4 Ned7 22. Nc6 Qe8 23. Na5 Rb8 24. e4 e5 25. Nd5 Nxd5 26. Qxd5 exf4 27. Bxf4 Ne5 28. Nc6 Rb6 29. Nxe5 Bxe5 30. Bh6 Bg7 31. Bxg7 1-0

[Event "Bad Woerishofen op 19th"]
[Site "Bad Woerishofen"]
[Date "2003.03.19"]
[Round "7"]
[White "Maugg, Ludwig"]
[Black "Wachweger, Albrecht"]
[Result "1-0"]
[WhiteElo "2136"]
[BlackElo "1850"]
[PlyCount "73"]
[EventDate "2003.03.13"]
[EventType "swiss"]
[EventRounds "9"]
[EventCountry "GER"]
[SourceTitle "CBM 093 Extra"]
[Source "ChessBase"]
[SourceDate "2003.05.09"]
[SourceVersion "1"]
[SourceVersionDate "2003.05.09"]
[SourceQuality "1"]

1. e4 c5 2. c3 Nc6 3. d4 cxd4 4. cxd4 d6 5. Nc3 g6 6. h3 Bg7 7. Nf3 Qa5 8. Be2 Nf6 9. 0-0 0-0 10. Be3 a6 11. d5 Nb8 12. a3 Nbd7 13. Nd4 Qd8 14. Rc1 b5 15. Nc6 Qe8 16. b4 Bb7 17. Na5 Qb8 18. f4 Rc8 19. Bd4 e5 20. dxe6 fxe6 21. Qb3 d5 22. e5 Ne8 23. Bg4 Kf7 24. Ne4 h6 25. h4 Bf8 26. h5 Ng7 27. hxg6+ Kxg6 28. Ng3 Be7 29. Qd3+ Kf7 30. f5 exf5 31. Nxf5 Rxc1 32. Nxh6+ Ke8 33. Qg6+ Kd8 34. Nf7+ Ke8 35. Rxc1 Bf8 36. Nd6+ Ke7 37. Qf7+ 1-0

[Event "Hessen-ch Seniors"]
[Site "Bruchkoebel"]
[Date "2002.03.28"]
[Round "7"]
[White "Wachweger, Albrecht"]
[Black "Kripp, Wolfgang"]
[Result "0-1"]
[WhiteElo "1869"]
[BlackElo "2185"]
[PlyCount "114"]
[EventDate "2002.03.22"]
[EventType "swiss"]
[EventRounds "9"]
[EventCountry "GER"]
[SourceTitle "EXT 2003"]
[Source "ChessBase"]
[SourceDate "2002.11.25"]
[SourceVersion "1"]
[SourceVersionDate "2002.11.25"]
[SourceQuality "1"]

1. e4 Nf6 2. d3 e5 3. Nf3 Nc6 4. Be2 d5 5. Bg5 dxe4 6. Bxf6 Qxf6 7. dxe4 Bg4 8. c3 Bc5 9. Nbd2 Rd8 10. Qc2 0-0 11. 0-0 Ne7 12. b4 Bd6 13. Nc4 Ng6 14. h3 Be6 15. Nxd6 cxd6 16. c4 Nf4 17. Kh2 Rc8 18. Rac1 Qg6 19. Rg1 Qh6 20. h4 Bg4 21. g3 Nxe2 22. Qxe2 f5 23. Rc3 Qg6 24. Qe3 Bxf3 25. Qxf3 fxe4 26. Qe3 d5 27. cxd5 Rxc3 28. Qxc3 Rxf2+ 29. Rg2 Rxg2+ 30. Kxg2 Qf6 31. Qe3 Qf5 32. d6 b6 33. Qc3 h5 34. Qd2 Qf3+ 35. Kh2 e3 36. d7 exd2 37. d8Q+ Kh7 38. Qxd2 e4 39. Qd5 Qf2+ 40. Kh3 Qf3 41. Kh2 g6 42. Qd7+ Kh6 43. Qd8 Qe2+ 44. Kg1 Qe1+ 45. Kg2 Qc3 46. Qg5+ Kh7 47. Qe7+ Qg7 48. Qxe4 Qb2+ 49. Kh3 Qxa2 50. Qe7+ Kg8 51. Qe8+ Kg7 52. Qe5+ Kf7 53. b5 Qe6+ 54. Qxe6+ Kxe6 55. g4 Ke5 56. Kg3 Ke4 57. gxh5 gxh5 0-1

[Event "Hessen-ch Seniors"]
[Site "Bruchkoebel"]
[Date "2002.03.27"]
[Round "6"]
[White "Rufft, Wolfgang"]
[Black "Wachweger, Albrecht"]
[Result "1/2-1/2"]
[WhiteElo "1979"]
[BlackElo "1869"]
[PlyCount "110"]
[EventDate "2002.03.22"]
[EventType "swiss"]
[EventRounds "9"]
[EventCountry "GER"]
[SourceTitle "EXT 2003"]
[Source "ChessBase"]
[SourceDate "2002.11.25"]
[SourceVersion "1"]
[SourceVersionDate "2002.11.25"]
[SourceQuality "1"]

1. e4 c5 2. Nf3 d6 3. d4 cxd4 4. Nxd4 Nf6 5. Nc3 g6 6. f3 Bg7 7. Be3 0-0 8. Qd2 Nc6 9. 0-0-0 d5 10. exd5 Nxd5 11. Nxc6 bxc6 12. Bd4 e5 13. Bc5 Be6 14. Bc4 Qh4 15. Bxd5 Rfd8 16. Qe1 Qxe1 17. Rhxe1 cxd5 18. Rd3 a5 19. Red1 d4 20. Ne4 Rdc8 21. Ba3 Bc4 22. Nd6 Bxd3 23. Nxc8 Bh6+ 24. Kb1 Bxc2+ 25. Kxc2 Rxc8+ 26. Kd3 Bf8 27. Bxf8 Kxf8 28. Re1 f6 29. f4 Rc5 30. g4 Ke7 31. g5 Ke6 32. gxf6 Kxf6 33. fxe5+ Rxe5 34. Rf1+ Ke6 35. Rf2 Kd5 36. Rf7 Re3+ 37. Kd2 Rh3 38. Ra7 Rxh2+ 39. Kd3 Rh3+ 40. Kd2 Ke4 41. Re7+ Kd5 42. Ra7 Kc4 43. Rc7+ Kb4 44. Rb7+ Kc5 45. Rc7+ Kd6 46. Ra7 g5 47. Rxa5 g4 48. Rg5 h5 49. a4 Rh2+ 50. Kd3 Rxb2 51. Rxh5 Ra2 52. Rg5 g3 53. Kxd4 Rxa4+ 54. Ke3 Ra3+ 55. Kf4 Ke6 1/2-1/2

[Event "Hessen-ch Seniors"]
[Site "Bruchkoebel"]
[Date "2002.03.26"]
[Round "5"]
[White "Wachweger, Albrecht"]
[Black "Lohmann, Walter"]
[Result "1-0"]
[WhiteElo "1869"]
[BlackElo "1780"]
[PlyCount "57"]
[EventDate "2002.03.22"]
[EventType "swiss"]
[EventRounds "9"]
[EventCountry "GER"]
[SourceTitle "EXT 2003"]
[Source "ChessBase"]
[SourceDate "2002.11.25"]
[SourceVersion "1"]
[SourceVersionDate "2002.11.25"]
[SourceQuality "1"]

1. e4 e6 2. d4 d5 3. e5 c5 4. c3 Qb6 5. Nf3 Nc6 6. Be2 f5 7. 0-0 Bd7 8. a4 a5 9. Na3 c4 10. Nb5 Nd8 11. Na3 Nf7 12. Nc2 Ne7 13. g3 Ng6 14. Ne3 f4 15. Ng2 fxg3 16. hxg3 Be7 17. Rb1 Qb3 18. Qxb3 cxb3 19. Ra1 0-0 20. Nd2 Rfb8 21. Nxb3 b5 22. Bxb5 Bxb5 23. axb5 a4 24. Nd2 Ng5 25. f4 Nf7 26. Ne3 Rxb5 27. Kg2 Rab8 28. f5 exf5 29. Rxf5 1-0

[Event "Hessen-ch Seniors"]
[Site "Bruchkoebel"]
[Date "2002.03.25"]
[Round "4"]
[White "Zunker, Reinhard"]
[Black "Wachweger, Albrecht"]
[Result "1-0"]
[WhiteElo "2227"]
[BlackElo "1869"]
[PlyCount "75"]
[EventDate "2002.03.22"]
[EventType "swiss"]
[EventRounds "9"]
[EventCountry "GER"]
[SourceTitle "EXT 2003"]
[Source "ChessBase"]
[SourceDate "2002.11.25"]
[SourceVersion "1"]
[SourceVersionDate "2002.11.25"]
[SourceQuality "1"]

1. e4 c5 2. Nf3 d6 3. d4 cxd4 4. Nxd4 Nf6 5. Nc3 g6 6. Be3 Bg7 7. f3 0-0 8. Qd2 Nc6 9. g4 Bxg4 10. fxg4 Nxg4 11. Nxc6 bxc6 12. Be2 Nxe3 13. Qxe3 Qa5 14. Bc4 Rab8 15. Bb3 Rb4 16. Rd1 Qh5 17. 0-0 Qg4+ 18. Qg3 Qxg3+ 19. hxg3 Bxc3 20. bxc3 Rxe4 21. Kf2 Kg7 22. Rd4 f5 23. Re1 d5 24. Ra4 Rxe1 25. Kxe1 e5 26. Rxa7+ Rf7 27. Rxf7+ Kxf7 28. c4 d4 29. c5+ Ke7 30. Bg8 g5 31. Bxh7 f4 32. g4 Kd7 33. Ke2 Ke6 34. Be4 Kd7 35. Kd3 Kc7 36. Bf3 Kd7 37. Ke4 Ke6 38. a4 1-0

[Event "Hessen-ch Seniors"]
[Site "Bruchkoebel"]
[Date "2002.03.24"]
[Round "3"]
[White "Wachweger, Albrecht"]
[Black "Hegner, Peter"]
[Result "1-0"]
[WhiteElo "1869"]
[BlackElo "1664"]
[PlyCount "27"]
[EventDate "2002.03.22"]
[EventType "swiss"]
[EventRounds "9"]
[EventCountry "GER"]
[SourceTitle "EXT 2003"]
[Source "ChessBase"]
[SourceDate "2002.11.25"]
[SourceVersion "1"]
[SourceVersionDate "2002.11.25"]
[SourceQuality "1"]

1. e4 e5 2. Nf3 Nc6 3. Bb5 a6 4. Ba4 Nf6 5. 0-0 Nxe4 6. Re1 Nc5 7. Nc3 Nxa4 8. Nxe5 Nxe5 9. Rxe5+ Be7 10. Nd5 Kf8 11. Rxe7 Nb6 12. Qf3 f6 13. Qh5 g6 14. Qh6+ 1-0

[Event "Hessen-ch Seniors"]
[Site "Bruchkoebel"]
[Date "2002.03.23"]
[Round "2"]
[White "Niebling, Ferdinand"]
[Black "Wachweger, Albrecht"]
[Result "1-0"]
[WhiteElo "2192"]
[BlackElo "1869"]
[PlyCount "49"]
[EventDate "2002.03.22"]
[EventType "swiss"]
[EventRounds "9"]
[EventCountry "GER"]
[SourceTitle "EXT 2003"]
[Source "ChessBase"]
[SourceDate "2002.11.25"]
[SourceVersion "1"]
[SourceVersionDate "2002.11.25"]
[SourceQuality "1"]

1. e4 c5 2. Nc3 Nc6 3. f4 d6 4. Nf3 Bg4 5. Bb5 a6 6. Bxc6+ bxc6 7. 0-0 g6 8. d3 Bg7 9. Qe1 Bxf3 10. Rxf3 Nf6 11. Bd2 Qc7 12. Kh1 0-0 13. Qh4 Qd7 14. f5 Rab8 15. b3 Nh5 16. Raf1 Bf6 17. Qh3 Rbd8 18. g4 Ng7 19. Qh6 Bxc3 20. Bxc3 f6 21. Rh3 Kf7 22. Qxh7 g5 23. Qg6+ Kg8 24. Rh7 Rf7 25. Qh6 1-0

[Event "Bad Woerishofen op 17th"]
[Site "Bad Woerishofen"]
[Date "2001.??.??"]
[Round "2"]
[White "Wachweger, Albrecht"]
[Black "Dahmen, Juergen"]
[Result "1-0"]
[WhiteElo "1910"]
[BlackElo "1624"]
[PlyCount "79"]
[EventDate "2001.03.15"]
[EventType "swiss"]
[EventRounds "9"]
[EventCountry "GER"]
[SourceTitle "CBM 081 Extra"]
[Source "ChessBase"]
[SourceDate "2001.05.06"]
[SourceVersion "1"]
[SourceVersionDate "2001.05.06"]
[SourceQuality "1"]

1. e4 c5 2. c3 e6 3. d4 cxd4 4. cxd4 Be7 5. f4 d6 6. Nf3 b6 7. Bd3 Bb7 8. 0-0 Nf6 9. Nc3 Nbd7 10. Kh1 0-0 11. e5 dxe5 12. fxe5 Nd5 13. a3 a6 14. Ne4 Qc7 15. Nfg5 h6 16. Qh5 Nxe5 17. Nxe6 fxe6 18. Rxf8+ Rxf8 19. dxe5 Nf4 20. Bxf4 Rxf4 21. Qe8+ Rf8 22. Qg6 Qxe5 23. Ng3 Qg5 24. Qxe6+ Kh8 25. Qxb6 Ba8 26. Qxa6 Qf6 27. Rf1 Qxa6 28. Rxf8+ Bxf8 29. Bxa6 Bd5 30. b4 Bd6 31. Kg1 g6 32. Bd3 Kg7 33. Kf2 Kf7 34. h3 Be5 35. Ne2 Bb2 36. Nf4 Bd4+ 37. Ke2 Bc6 38. Bxg6+ Kf6 39. Bc2 Kg5 40. Ne6+ 1-0

[Event "Bad Woerishofen op 17th"]
[Site "Bad Woerishofen"]
[Date "2001.??.??"]
[Round "7"]
[White "Wachweger, Albrecht"]
[Black "Hempel, Olaf"]
[Result "0-1"]
[WhiteElo "1900"]
[BlackElo "2146"]
[PlyCount "64"]
[EventDate "2001.03.15"]
[EventType "swiss"]
[EventRounds "9"]
[EventCountry "GER"]
[SourceTitle "CBM 081 Extra"]
[Source "ChessBase"]
[SourceDate "2001.05.06"]
[SourceVersion "1"]
[SourceVersionDate "2001.05.06"]
[SourceQuality "1"]

1. e4 c6 2. d4 d5 3. e5 Bf5 4. Bd3 Bxd3 5. Qxd3 e6 6. f4 Qa5+ 7. c3 Qa6 8. Qd1 h5 9. Ne2 Nh6 10. Be3 Nf5 11. Bf2 Nd7 12. 0-0 Be7 13. Ng3 g6 14. b4 Nb6 15. a4 Nc4 16. Qe2 Nxg3 17. Bxg3 Qb6 18. Na3 Nxa3 19. Rxa3 a5 20. Qb2 axb4 21. cxb4 Qxb4 22. Qxb4 Bxb4 23. Rb3 Rxa4 24. Rfb1 c5 25. Bf2 b6 26. Rc1 c4 27. Rg3 Kd7 28. Rh3 Rha8 29. g4 Ra1 30. Rxa1 Rxa1+ 31. Kg2 c3 32. gxh5 gxh5 0-1

[Event "Schwarzach op-A"]
[Site "Schwarzach"]
[Date "2000.08.26"]
[Round "8"]
[White "Essl, Gerhard"]
[Black "Wachweger, Albrecht"]
[Result "1-0"]
[WhiteElo "2053"]
[BlackElo "2009"]
[PlyCount "53"]
[EventDate "2000.08.19"]
[EventType "swiss"]
[EventRounds "9"]
[EventCountry "AUT"]
[SourceTitle "EXT 2001"]
[Source "ChessBase"]
[SourceDate "2000.11.22"]
[SourceVersion "1"]
[SourceVersionDate "2000.11.22"]
[SourceQuality "1"]

1. c4 Nf6 2. Nc3 c5 3. g3 g6 4. Bg2 Bg7 5. e3 Nc6 6. Nge2 0-0 7. 0-0 d6 8. d4 cxd4 9. exd4 a6 10. Be3 Rb8 11. Rc1 Bd7 12. Qd2 Re8 13. b3 b5 14. cxb5 axb5 15. Nxb5 Rxb5 16. Rxc6 Ra5 17. Rc3 Qb6 18. Rfc1 Qa6 19. Bc6 Bxc6 20. Rxc6 Qa7 21. Rc8 Rf5 22. Qb4 Qd7 23. Qb8 Kf8 24. R1c7 Rxc8 25. Rxc8+ Ne8 26. Rd8 Qc6 27. d5 1-0

[Event "Schwarzach op-A"]
[Site "Schwarzach"]
[Date "2000.08.24"]
[Round "6"]
[White "Netzer, Jean"]
[Black "Wachweger, Albrecht"]
[Result "1-0"]
[WhiteElo "2020"]
[BlackElo "2009"]
[PlyCount "130"]
[EventDate "2000.08.19"]
[EventType "swiss"]
[EventRounds "9"]
[EventCountry "AUT"]
[SourceTitle "EXT 2001"]
[Source "ChessBase"]
[SourceDate "2000.11.22"]
[SourceVersion "1"]
[SourceVersionDate "2000.11.22"]
[SourceQuality "1"]

1. e4 c5 2. Nf3 d6 3. d4 cxd4 4. Nxd4 Nf6 5. Nc3 g6 6. Be2 Bg7 7. 0-0 Nc6 8. Nb3 0-0 9. Re1 a6 10. Bf1 b5 11. Bg5 Be6 12. Nd5 Bxd5 13. exd5 Ne5 14. c3 h6 15. Bh4 Qc7 16. a4 g5 17. Bg3 Nc4 18. axb5 axb5 19. Nd4 Rxa1 20. Qxa1 Nxd5 21. Nxb5 Qc5 22. Qa2 Ne5 23. Nd4 e6 24. Rd1 Nb6 25. Nb3 Qc7 26. f4 Nec4 27. fxg5 hxg5 28. Na5 Ne5 29. Nb3 Ra8 30. Qb1 Nbc4 31. Nd4 Ne3 32. Qe4 Nxd1 33. Qxa8+ Bf8 34. Qa1 Ne3 35. Qc1 Nxf1 36. Qxg5+ Bg7 37. Kxf1 Qc4+ 38. Ne2 Nd3 39. Qd2 Qa6 40. Be1 e5 41. b4 Kh7 42. g4 d5 43. Bf2 e4 44. Kg2 Qg6 45. h3 Qf6 46. Nd4 Nf4+ 47. Kg3 Nd3 48. Be3 Qf1 49. Qe2 Be5+ 50. Kh4 Qf6+ 51. g5 Qg6 52. Qh5+ Qxh5+ 53. Kxh5 Ne1 54. Ne2 Nc2 55. Bf4 Bxf4 56. Nxf4 d4 57. cxd4 Nxb4 58. Kg4 Kg7 59. Kf5 e3 60. Ke4 e2 61. Nxe2 Kg6 62. Kf4 Nd5+ 63. Kg4 Ne3+ 64. Kf3 Nf5 65. Kf4 Ne7 1-0

[Event "Schwarzach op-A"]
[Site "Schwarzach"]
[Date "2000.08.23"]
[Round "5"]
[White "Wachweger, Albrecht"]
[Black "Luft, Martin"]
[Result "1/2-1/2"]
[WhiteElo "2009"]
[BlackElo "2141"]
[PlyCount "90"]
[EventDate "2000.08.19"]
[EventType "swiss"]
[EventRounds "9"]
[EventCountry "AUT"]
[SourceTitle "EXT 2001"]
[Source "ChessBase"]
[SourceDate "2000.11.22"]
[SourceVersion "1"]
[SourceVersionDate "2000.11.22"]
[SourceQuality "1"]

1. e4 e6 2. d4 d5 3. e5 c5 4. c3 Bd7 5. Nf3 Qb6 6. Be2 cxd4 7. cxd4 Bb5 8. 0-0 Bxe2 9. Qxe2 Nd7 10. Be3 Ne7 11. Nc3 Nc6 12. a3 Na5 13. b4 Nc4 14. Na4 Qd8 15. Nc5 Rb8 16. Nd2 Ndb6 17. f4 g6 18. Nf3 h5 19. Bf2 Nd7 20. Bh4 Be7 21. Ng5 Nxc5 22. bxc5 b6 23. cxb6 Rxb6 24. Qd3 Qd7 25. Rfb1 0-0 26. Rxb6 axb6 27. a4 Ra8 28. h3 Rxa4 29. Rxa4 Qxa4 30. Nxf7 Kxf7 31. Bxe7 Kxe7 32. Qxg6 Qe8 33. Qf6+ Kd7 34. f5 exf5 35. Qxf5+ Kc6 36. Qf6+ Kb7 37. e6 Nd6 38. g4 hxg4 39. hxg4 Kc6 40. g5 Ne4 41. Qf7 Nd6 42. Qf6 Qh5 43. Qe7 Qe8 44. Qf6 Qh5 45. Qe7 Qe8 1/2-1/2

[Event "Hessen-ch Seniors"]
[Site "Frankfurt"]
[Date "2000.04.17"]
[Round "4"]
[White "Wachweger, Albrecht"]
[Black "Bittner, Friedrich"]
[Result "1-0"]
[WhiteElo "2003"]
[BlackElo "2134"]
[PlyCount "73"]
[EventDate "2000.04.14"]
[EventType "swiss"]
[EventRounds "9"]
[EventCountry "GER"]
[SourceTitle "EXT 2001"]
[Source "ChessBase"]
[SourceDate "2000.11.22"]
[SourceVersion "1"]
[SourceVersionDate "2000.11.22"]
[SourceQuality "1"]

1. e4 e5 2. Nf3 Nc6 3. Bb5 a6 4. Ba4 Nf6 5. 0-0 Be7 6. c3 b5 7. Bb3 d6 8. d4 Bg4 9. Be3 0-0 10. h3 Bh5 11. Nbd2 Na5 12. Bc2 Nd7 13. Qe1 Nc4 14. Nxc4 bxc4 15. Nd2 Nb6 16. dxe5 dxe5 17. Bxb6 cxb6 18. Nxc4 Qc7 19. Ne3 a5 20. Nd5 Qb7 21. Nxe7+ Qxe7 22. f4 exf4 23. Rxf4 Rad8 24. Qf2 Rd6 25. Bb3 Kh8 26. Rf1 f6 27. Bd5 g5 28. Rf5 Kg7 29. e5 Rxd5 30. exf6+ Rxf6 31. Rxf6 Rd6 32. Rxd6 Qxd6 33. Qd4+ Qxd4+ 34. cxd4 a4 35. Rf5 Bf7 36. a3 g4 37. hxg4 1-0

[Event "Wch Seniors 08th"]
[Site "Grieskirchen"]
[Date "1998.11.21"]
[Round "11"]
[White "Fassmann, Ewald Josef"]
[Black "Wachweger, Albrecht"]
[Result "1/2-1/2"]
[WhiteElo "1839"]
[BlackElo "1822"]
[PlyCount "113"]
[EventDate "1998.11.08"]
[EventType "swiss"]
[EventRounds "11"]
[EventCountry "AUT"]
[SourceTitle "CBM 067 Extra"]
[Source "ChessBase"]
[SourceDate "1999.01.01"]
[SourceVersion "1"]
[SourceVersionDate "1999.01.01"]
[SourceQuality "1"]

1. c4 Nf6 2. Nc3 c5 3. Nf3 g6 4. e3 Bg7 5. d4 cxd4 6. Nxd4 Nc6 7. Nxc6 bxc6 8. Bd2 Rb8 9. b3 0-0 10. Rc1 c5 11. Be2 d6 12. 0-0 Bb7 13. Bf3 Bxf3 14. Qxf3 Qc7 15. Rfd1 Qb7 16. Qe2 Nd7 17. Nd5 Nf6 18. Bc3 Nxd5 19. Bxg7 Kxg7 20. Rxd5 Qb4 21. Rcd1 a5 22. Qc2 Ra8 23. Rb1 Rfb8 24. Rdd1 Qa3 25. Qb2+ Qxb2 26. Rxb2 a4 27. Rdb1 axb3 28. Rxb3 Rxb3 29. axb3 Kf6 30. Kf1 Ke5 31. Rb2 f5 32. Ke2 g5 33. Kd3 e6 34. g3 g4 35. h3 h5 36. hxg4 hxg4 37. Rd2 Rb8 38. Kc3 Rb6 39. Ra2 Ke4 40. Rd2 Kf3 41. Kc2 Rc6 42. Kb2 Rb6 43. Kc3 e5 44. Kc2 Ra6 45. Kb2 Ke4 46. Rd1 Kf3 47. Rd2 Kg2 48. Kc3 Kf3 49. Kb2 f4 50. exf4 exf4 51. gxf4 Kxf4 52. Rd3 Rb6 53. Kc3 Kg5 54. Rd5+ Kf4 55. Rd3 Ke5 56. Re3+ Kf4 57. Rd3 1/2-1/2

[Event "Wch Seniors 08th"]
[Site "Grieskirchen"]
[Date "1998.11.16"]
[Round "7"]
[White "Gradinger, Alois"]
[Black "Wachweger, Albrecht"]
[Result "1-0"]
[WhiteElo "1979"]
[BlackElo "1822"]
[PlyCount "111"]
[EventDate "1998.11.08"]
[EventType "swiss"]
[EventRounds "11"]
[EventCountry "AUT"]
[SourceTitle "CBM 067 Extra"]
[Source "ChessBase"]
[SourceDate "1999.01.01"]
[SourceVersion "1"]
[SourceVersionDate "1999.01.01"]
[SourceQuality "1"]

1. d4 Nf6 2. c4 c5 3. d5 b5 4. cxb5 a6 5. bxa6 Bxa6 6. Nc3 d6 7. Nf3 g6 8. Nd2 Bg7 9. f3 0-0 10. e4 Bxf1 11. Nxf1 Qb6 12. Ne3 Nbd7 13. 0-0 c4 14. Kh1 Rfc8 15. Qe2 Qb4 16. Nc2 Qb6 17. Rb1 Ne8 18. Be3 Qa5 19. Nd4 Bxd4 20. Bxd4 Nb6 21. h4 Na4 22. a3 Nxc3 23. Bxc3 Qd8 24. Qf2 Nc7 25. Qd4 f6 26. Qxc4 Ne6 27. Qd3 Nf4 28. Qd2 Nh5 29. Kh2 Qf8 30. g4 Ng7 31. Qd4 Rc7 32. Rbe1 Rac8 33. Qg1 Kh8 34. g5 Rxc3 35. bxc3 fxg5 36. Qe3 gxh4 37. f4 Rc4 38. Qd3 Qc8 39. Re3 Nh5 40. f5 g5 41. Rg1 Nf4 42. Qd2 h6 43. e5 Qxf5 44. exd6 exd6 45. Re8+ Kh7 46. Qe3 Nxd5 47. Qa7+ Kg6 48. Rg8+ Kh5 49. R1xg5+ hxg5 50. Rh8+ Kg4 51. Qg1+ Kf4 52. Qf1+ Ke5 53. Re8+ Ne7 54. Rxe7+ Kf6 55. Rf7+ Kxf7 56. Qxf5+ 1-0

[Event "Wiesbaden op 17th"]
[Site "Wiesbaden"]
[Date "1998.08.27"]
[Round "7"]
[White "Wachweger, Albrecht"]
[Black "Herms, Axel"]
[Result "0-1"]
[WhiteElo "2060"]
[BlackElo "2135"]
[PlyCount "74"]
[EventDate "1998.08.??"]
[EventType "swiss"]
[EventRounds "9"]
[EventCountry "GER"]
[SourceTitle "EXT 2000"]
[Source "ChessBase"]
[SourceDate "1999.11.16"]
[SourceVersion "1"]
[SourceVersionDate "1999.11.16"]
[SourceQuality "1"]

1. e4 d6 2. d4 g6 3. f4 Bg7 4. Bd3 Na6 5. Ne2 c5 6. c3 Bd7 7. Be3 Qc7 8. 0-0 Nf6 9. Nd2 Ng4 10. Bf2 Nxf2 11. Rxf2 0-0 12. Rc1 Rac8 13. h3 b5 14. Kh1 Qb6 15. dxc5 Nxc5 16. Rf3 a6 17. Bb1 Bc6 18. Nd4 Bb7 19. Rf1 Na4 20. Qb3 Bxd4 21. cxd4 Qxd4 22. Rxc8 Rxc8 23. Nf3 Qxb2 24. Qe3 Qc3 25. Qf2 Nc5 26. Qh4 f6 27. Qg4 Qc4 28. Re1 Rc7 29. e5 Nd3 30. Bxd3 Qxd3 31. exd6 Qxd6 32. f5 Bxf3 33. gxf3 Rc2 34. Qg1 g5 35. Rd1 Qf4 36. Rf1 Qxf5 37. Qe3 Qxh3+ 0-1